000
003270000a22001450004500
003
MACL
040
_a
MACL
090
_c
31813
_d
31811
100
_a
Holtz, Matthew
245
_a
Mastering Ventura 3.0 Gem Edition
260
_b
BPB Publications
_c
1991
350
_a
150
650
_a
Computer Science
942
_c
BOOK
_k
004.6/HOL
999
_c
31493
_d
31493